1687 1032 1536 1360 1791 1081 1943 1265 1377 1932 1513 1082 1189 1243 1553 1005 1040 1005 1402 1337 1032 1608 1627 1590 1178 1726 1069 1562 1369 1111 1399 1162 1154 1017 1535 1749 1773 1542 1231 1403 1653 1100 1937 1982 1469 1227 1209 1308 1559 1922 1680 1661 1027 1852 1335 1669 1383 1710 1433 1625 1784 1770 1243 1358 1403 1896 1950 1535 1759 1236 1641 1081 1675 1344 1481 1009 1823 1259 1857 1868 1896 1342 1318 1823 1263 1171 1965 1928 1042 1748 1240 1790 1536 1128 1665 1652 1758 1406 1872 BCNSPRNW ULIB Ver.6.0+V

เปลี่ยนเป็นภาษาไทย

Change to English
 แสดงรายละเอียดบรรณานุกรม
  กลับหน้าหลัก

Brief Record : Get Marc (ISO 2709) : E-mail record : QR code < ปิดหน้าต่าง
LEADER : 00000nam 2200000uu 4500
001    13399111999
003     ULIB
008    110719s2553||||th 000 0 tha d
020    6169059110
090    นว.^bพ323ม 2553
100 0   พระจันทร์เจ้าขา
245 00  มนต์รักหนุ่มบ้านไร่/^cพระจันทร์เจ้าขา
250     พิมพ์ครั้งที่ 1
260     กรุงเทพฯ :^bยูแพคอินเตอร์,^c2553
300     469 หน้า
945    ^p265^l0^i028087
995     เกษร
999     ^aใช้งานได้ทุกระบบ
รายการนี้ยังไม่มีแท็ก
คุณยังไม่ได้ล็อกอิน คุณสามารถมีกิจกรรมร่วมกับเว็บไซต์ได้ แต่ต้องล็อกอินก่อน ::
  ล็อกอิน

รายการสื่อสารสนเทศ

ลำดับที่ ประเภท เลขเรียก/บาร์โค้ด สถานที่ สถานะ
1. นวนิยาย
นวนิยาย
นว. พ323ม 2553  
  Barcode: 028087
ห้องสมุดวิทยาเขตสวรรค์ประชารักษ์
►นวนิยาย
บนชั้น
  ขอยืม

BibComment


ยังไม่เคยถูกคอมเมนท์

คอมเมนท์ทรัพยากรรายการนี้
  คอมเมนท์: มนต์รักหนุ่มบ้าน..


 Copyright 2026. Bcnsprnw @Library